[Event "Vienna Millenium"]
[Site "Vienna"]
[Date "1996.08.17"]
[Round "9"]
[White "Jussupow, Artur"]
[Black "Kortschnoj, Viktor Lvovich"]
[Result "1/2-1/2"]
[WhiteElo "2665"]
[BlackElo "2635"]
[Annotator "Jussupow,A"]
[PlyCount "74"]
[EventDate "1996.08.09"]
[EventType "tourn"]
[EventRounds "9"]
[EventCountry "AUT"]
[EventCategory "18"]
[SourceTitle "CBM 055"]
[Source "ChessBase"]
[SourceDate "1996.12.01"]
[SourceVersion "1"]
[SourceVersionDate "1996.12.01"]
[SourceQuality "1"]

1. d4 Nf6 2. c4 e6 3. Nc3 Bb4 4. e3 b6 5. Bd3 Bb7 6. Nf3 O-O 7. O-O c5 8. Na4
cxd4 9. exd4 (9. a3) 9... Re8 (9... Be7 {Malaniuk,V} 10. Re1 d6 11. b4 Nbd7 12.
Bb2 Rc8 $6 13. Nc3 Re8 14. Bf1 {N} (14. Nd2 {Malaniuk,V}) 14... Qc7 15. h3 (15.
Nd2 $5 {Malaniuk,V}) 15... Qb8 16. Re3 {/\ Qb3, Rd1, d5} Bf8 17. d5 $1 $14 {
1/2-1/2 Malaniuk,V-Tiviakov,S/Porto San Giorgio 61/589 1994 (48)}) 10. a3 (10.
c5 bxc5 (10... Bxf3 $5 11. Qxf3 Nc6 12. Qd1 (12. Be3 e5 13. dxe5 Nxe5 14. Qd1
Nfg4 15. Bd4 bxc5 16. Bxe5 Nxe5 17. a3 Ba5 18. Nxc5 Qh4 $10 {0-1
Ogaard-Adorjan /Gjovik 1983 (23)}) 12... Nxd4 13. Bxh7+ Nxh7 14. Qxd4 bxc5 15.
Nxc5 Qb6 16. Be3 e5 17. Qc4 Rac8 $13 {Korchnoi,V-Ivanchuk,V/Amber(rapid-9)
1993/1/2-1/2 (55)}) 11. a3 c4 12. Bxh7+ Nxh7 13. axb4 Bxf3 14. Qxf3 Nc6 15. d5
Nxb4 16. dxe6 dxe6 {1/2-1/2 Ree,H-Langeweg,K/Nederland (ch) 35/(653) 1983}) (
10. Bg5 h6 (10... Be7 11. Rc1 d6 12. Re1 Nbd7 13. Nc3 (13. a3 h6 14. Bh4 Nh5
$10 {1/2-1/2 Polugaevsky-Larsen/Las Palmas - 17/597 1974 (39)}) 13... g6 14.
Bf1 d5 15. Bh6 $14 {Gligoric-Parma, Vinkovci 1970}) 11. Bh4 Bxf3 12. Qxf3 Nc6
13. Bxf6 (13. Qe3 $5 $13 {Kotov}) 13... Qxf6 14. Qxf6 gxf6 15. d5 (15. Be4 f5
16. Bxc6 dxc6 17. Nc3 Rad8 $15 {Visier Segovia,F-Portisch,L/Las Palmas 13/617
1972/0-1 (53)}) 15... Ne5 16. Be2 Rac8 17. a3 Bf8 18. Rac1 $10 {Gligoric,
S-Kaplan,J/Lone Pine 27/600 1979/1-0 (62)}) (10. Bf4 Bf8 11. Rc1 d6 12. Re1
Nbd7 13. Nc3 a6 14. a3 h6 15. b4 a5 16. Bb1 axb4 17. axb4 e5 $132 {Gulko,
B-Matanovic,A/Biel izt (5) 1976/0-1 (46)}) 10... Bf8 (10... Be7 $6 11. b4 d6
12. Nc3 Nbd7 13. Bb2 Rc8 14. Re1 Bf8 15. Bf1 Qc7 16. Rc1 Qb8 17. d5 $14 {
1-0 Torre-Wirthensohn/Dubai ol 1986 (32)}) 11. b4 $5 $146 (11. Bg5 $5 d6 12.
Nc3 Be7 13. Re1 Nbd7 14. Qe2 h6 15. Bh4 Nh5 16. Bxe7 Qxe7 17. Qe3 a6 18. b4
Rac8 19. Nd2 $14 {0-1 Kharitonov-Chernin/Lvov ch-SU -37/626 1984 (42)}) (11.
Re1 Bxf3 $1 {Azmaiparashvili} (11... d6 12. Nc3 Nbd7 13. d5 (13. Bg5 h6 14. Bh4
Be7 15. Rc1 Nh5 16. Bxe7 Rxe7 17. d5 exd5 {1/2-1/2 Lukacs-Ribli /Hungary Ch
1977}) 13... e5 14. Bf1 g6 15. b4 Nh5 16. Qb3 Ng7 (16... h6 $142 {/\ f5}) 17.
Be3 Nf5 18. Bd2 Be7 19. Ne4 Nf6 20. a4 $36 {Azmaiparashvili-Lerner /Kujbyshev
1L 1986/1/2-1/2 (75)}) 12. Qxf3 Nc6 13. Be3 e5 14. dxe5 Nxe5 15. Qd1 d5 $1 $10
16. c5 $2 d4 $1 17. Bxd4 $2 Nxd3 18. Rxe8 Nxe8 19. Qxd3 bxc5 $19) (11. Nc3 d5
$1 12. Bg5 dxc4 13. Bxc4 Be7 14. Rc1 Nc6 15. Re1 {1/2-1/2 Bischoff-Huss,
Beer-Sheva 1985}) 11... d6 (11... Bxf3 12. Qxf3 Nc6 13. Bb2 e5 14. dxe5 $14)
12. Re1 (12. Bb2) 12... Nbd7 13. Bb2 (13. Nc3 e5 (13... a6 14. Nd2 $6 d5 15. c5
bxc5 16. dxc5 e5 $36 {0-1 Barbero,G-Csom,I/Luzern tt WCh (3) 1985 (31)}) 14. d5
b5 $132) 13... Rc8 (13... a5 14. Nc3 $5 $14 (14. b5 Rc8 15. Rc1 d5 (15... Rc7
16. Bb1 Qa8 17. d5 $1 e5 18. Bf5 $14 {1-0 Azmaiparashvili-Kengis /Jurmala-mm
1983 (42)}) 16. Ne5 Nxe5 17. dxe5 Nd7 18. cxd5 Rxc1 19. Qxc1 Bxd5 $10 {0-1
Perkins,A-Wells,P/Lloyds Bank 1992 (31)})) 14. Nc3 e5 (14... a6 $5 {/\Rc7,Qa8})
15. dxe5 $5 (15. d5 $5 g6 $14 (15... b5 16. Nxb5 $5 e4 17. Nxa7 $16)) 15...
dxe5 (15... Nxe5 16. Nd5 $1 $36 (16. Nxe5 dxe5 $13)) 16. Ne4 Bxe4 17. Bxe4 Qc7
(17... Rxc4 18. Bd3 Rc6 19. Bb5 $44 (19. Nxe5 Nxe5 (19... Rd6 20. Nxf7 Rxe1+
21. Qxe1 Kxf7 22. Bc4+) (19... Rce6 20. Bc4) 20. Bxe5 (20. Rxe5 Rd6) 20... Rce6
$15)) 18. Rc1 $2 (18. Bf5 $1 $16 g6 19. Bh3 Rcd8 20. Qc2 {^^}) 18... Nxe4 19.
Rxe4 Qc6 $132 20. Re3 (20. Re2 $5) 20... f6 21. Rd3 $2 (21. Qb3 $142) 21... Nb8
22. Rd5 Qe6 $15 23. h3 Nc6 24. Qa4 $6 a5 $1 25. Rb5 e4 $6 (25... Na7 $142 26.
Rd5 Rxc4 27. Rxc4 Qxd5 28. Qxe8 Qxc4 29. Qd7 Qf7 $17) 26. Nd4 Nxd4 27. Bxd4
Rxc4 28. Rxc4 Qxc4 29. Be3 Re6 30. Rxb6 Rxb6 31. Bxb6 axb4 32. axb4 h6 (32...
Qxb4 33. Qxb4 Bxb4 34. f3 $10) (32... Bxb4 33. Be3 $1) 33. Be3 Kh7 34. g4 Be7
35. Qa5 Bxb4 36. Qa4 $1 Qc3 37. Qb5 $1 Bf8 $10 1/2-1/2

[Event "EU-Cup 29th"]
[Site "Rhodes"]
[Date "2013.10.23"]
[Round "4.3"]
[White "Korobov, Anton"]
[Black "Vitiugov, Nikita"]
[Result "1-0"]
[WhiteElo "2716"]
[BlackElo "2729"]
[Annotator "Krasenkow,M"]
[PlyCount "67"]
[EventDate "2013.10.20"]
[EventType "team-swiss"]
[EventRounds "7"]
[EventCountry "GRE"]
[SourceTitle "CBM 157"]
[Source "ChessBase"]
[SourceDate "2013.11.12"]
[SourceVersion "1"]
[SourceVersionDate "2013.11.12"]
[SourceQuality "1"]
[WhiteTeam "Ugra"]
[BlackTeam "St Petersburg"]
[WhiteTeamCountry "RUS"]
[BlackTeamCountry "RUS"]

1. d4 Nf6 2. c4 e6 3. Nf3 Bb4+ 4. Nc3 b6 5. e3 Bb7 6. Bd3 Bxc3+ 7. bxc3 d6 8.
O-O O-O 9. Nd2 e5 10. e4 {This line was examined in CBM 109, annotations to
Monier - Granda Zuniga by GM V.Gavrikov. It presents a typical conflict: Black
attempts to establish a blockade and exploit White's double pawns; White tries
to break through (e.g. by means of f2-f4), open up the position and gain space
for his bishop pair.} Re8 {Black is trying to force d4-d5 and obtain the
c5-square.} (10... c5 $6 11. d5 Nbd7 12. Qe2 Re8 13. Re1 Nf8 14. Nf1 Ng6 15. g3
Bc8 16. Ne3 Bd7 17. Bd2 Ba4 {1/2 (17) Liebert,H (2485)-Vogt,L (2440) Leipzig
1973 - a strange decision as White can do whatever he wants on the kingside
without any counterplay of the opponent!}) (10... Nc6 11. Nb3 (11. d5 $6 Ne7 {
[%csl Rc5]} 12. g3 Re8 13. Re1 Bc8 14. Nf1 Nd7 15. f4 exf4 16. gxf4 Ng6 17. Ng3
Nc5 $36 {0-1 (48) Wukits,R (2240)-Lehner,O (2400) Austria 1998}) (11. Bb2 $5)
11... Ne7 {[%cal Ye7g6]} (11... a5 12. Be3 exd4 13. cxd4 Nb4 14. f3 Nxd3 15.
Qxd3 Ba6 16. Bg5 h6 17. Bh4 d5 18. Bxf6 (18. Nd2 $142 $1 $14) 18... Qxf6 19.
exd5 Rfd8 20. Qc3 {1/2 (23) Polugaevsky,L (2630)-Kuzmin,G (2600) Leningrad 1974
} c6 $1 21. dxc6 Rac8 $15) 12. f3 (12. Bg5 Ng6 13. Qf3 Re8 14. Rae1 h6 15. Bxf6
Qxf6 16. Qxf6 gxf6 17. g3 Re7 18. f4 {1/2 (39) Chiburdanidze,M (2497)-Jenni,F 
(2508) Lippstadt 2003} exf4 19. gxf4 f5 20. e5 Kh8 $13) (12. Qc2 Ng6 13. f4
exf4 14. Bxf4 Nxf4 15. Rxf4 Qe7 16. Re1 Nd7 17. Qf2 Rae8 $11 {1-0 (40)
Malaniuk,V (2523)-Klekowski,M (2338) Krakow POL 2012}) 12... Ng6 13. g3 Re8 14.
Be3 c6 {[%cal Yd6d5]} 15. d5 Rc8 (15... Ba6 $5) 16. Qd2 Qc7 17. Rfc1 Ne7 18. a4
Nd7 19. a5 Rb8 20. Bf1 $14 {1/2 (57) Shariyazdanov,A (2565)-Pavlovic,M (2569)
Oberwart 2003}) 11. Re1 (11. Qc2 Nh5 12. g3 Qf6 13. Nb3 Qg6 14. d5 Bc8 15. f3
Bh3 16. Rf2 Nf4 17. Bf1 Bxf1 18. Rxf1 c6 19. Kh1 Nh5 20. a4 cxd5 21. cxd5 Nd7
$132 {0-1 (58) Zilberman,N-Kostiuchenko,A Kiev 1964}) (11. f3 Nc6 (11... Nbd7
12. Rb1 Nf8 13. Bc2 Qe7 14. Re1 Ne6 15. Nf1 c5 16. dxe5 dxe5 17. Ne3 Red8 18.
Nd5 $14 {0-1 (58) Tarjan,J (2495)-Bachtiar,A (2335) Manila 1977}) 12. Nb3 a5 (
12... Ne7 13. a4 a5 14. c5 Ng6 15. cxb6 cxb6 16. d5 Re7 17. Be3 Nd7 18. Rb1 Qc8
19. Qd2 Ba6 20. Rb2 $14 {1-0 (53) Kalashian,D (2379)-Chernyshov,K (2543)
Moscow 2008}) 13. a4 h6 14. Be3 Ba6 15. Qd2 exd4 16. cxd4 Nb4 17. d5 Nxd3 18.
Qxd3 Nd7 19. Bd4 Rc8 20. Rfc1 Qg5 21. Qd2 Qg6 $11 {1/2 (78) Surjadnji,A (2431)
-Sarwat,W (2356) Cairo 2001}) 11... Nc6 {The knight gains a tempo attacking
the d4-pawn and then goes to e7-g6.} (11... Nbd7 {is generally too passive
before White has played d4-d5:} 12. a4 $142 (12. f3 Nh5 $1 (12... Nf8 13. Nf1
Ne6 14. Bc2 Nh5 (14... c5 15. d5 Nf8 16. Ba4 Re7 17. Ng3 Rc7 18. Be3 Bc8 19.
Qd2 Ne8 20. f4 $36 {1-0 (34) Malaniuk,V (2525)-Alikhanov,F (2342) Maikop 2004})
15. Ba4 Rf8 16. Ne3 Nhf4 {0-1 (38) Maksimovic,B (2388)-Markovic,M (2587)
Belgrade 1999} 17. g3 $14) 13. Nb3 Nf4 14. Bxf4 exf4 15. Qd2 Qh4 16. c5 $6 dxc5
17. dxc5 Ne5 $17 {1-0 (44) Gonzalez Garcia,J (2522)-Panelo Munoz,M (2413)
Barcelona 2011}) 12... Nf8 (12... a5 13. Rb1 Bc6 14. Bc2 Nf8 15. f3 Ng6 16. Nf1
Bd7 17. Ne3 h6 18. Kh1 Nh7 19. Qd2 Ng5 20. Qf2 Ne6 21. Rd1 $14 Nef4 $6 22. c5
bxc5 23. dxc5 dxc5 24. Ba3 $36 {1/2 (29) Petrosian,T-Boleslavsky,I Moscow 1950}
) 13. a5 Ng6 14. Bc2 $5 $36 {<<} (14. Nb3 $2 exd4 15. cxd4 Bxe4 16. Bg5 Bxd3
17. Rxe8+ Qxe8 18. Qxd3 Qe4 $17 {1/2 (63) Ivanov,J (2431)-Suba,M (2540)
Navalmoral 2009})) 12. Bb2 (12. Nb3 {is another plan but the knight is a bit
passive here:} Ne7 (12... exd4 13. cxd4 Nb4 14. f3 Nxd3 15. Qxd3 Nd7 16. Bb2
Qg5 17. d5 Nc5 18. Nxc5 bxc5 19. Rf1 f6 20. f4 $14 {1-0 (39) Ipatov,A (2536)
-Shagbazyan,T (2303) Alushta 2011}) (12... a5 13. a4 exd4 14. cxd4 Nb4 15. f3
Nxd3 16. Qxd3 d5 17. cxd5 Nxd5 18. Bb2 Nb4 19. Qc3 Qg5 20. d5 c5 21. Nd2 Ba6
22. f4 $14 {1-0 (28) Simagin,V-Rovner,D Vilnius 1949}) 13. Bg5 Ng6 14. f3 h6
15. Be3 Nd7 16. c5 dxc5 17. dxc5 Qf6 18. a4 Rad8 19. Qc2 Nf4 $11 {1/2 (43)
Sutkovic,D (2331)-Kurajica,B (2513) Sarajevo BIH 2013}) 12... Na5 {The c4-pawn
can be easily protected; however, Black's idea is to tie White's pieces to its
defence so that he couldn't activate them and especially get his b2-bishop out.
} (12... Ne7 $5 {is more traditional:} 13. f3 Ng6 14. g3 (14. Nf1 $142 {
V.Gavrikov}) 14... c6 $1 {[%cal Gd6d5]} 15. Nf1 Qc7 16. d5 $6 (16. Ne3 d5 $11)
16... Nd7 $1 17. Ne3 Nc5 18. Bf1 Ne7 19. Ba3 cxd5 20. cxd5 Bc8 21. Qd2 f5 $132
{0-1 (53) Monier,R (2412)-Granda Zuniga,J (2601) Buenos Aires 2005 CBM 109 
[Gavrikov]}) 13. Qe2 (13. Qc2 $143 Ba6 {, and Black carries out his plan:} 14.
Rad1 Qd7 15. Bf1 c5 16. g3 Re7 17. Bc1 h6 18. d5 Nh7 19. f3 Rb8 20. Re3 Qe8 21.
Rde1 Nf6 22. Qd1 Qd7 23. h3 Nh5 24. Kh2 Rf8 $15 {1/2 (96) Vitiugov,N (2719)
-Morozevich,A (2739) Tromso NOR 2013}) 13... Qd7 14. Nf1 $6 {[%mdl 512] Too
quick! This pawn sacrifice is dubious.} (14. f3 {is logical, and then
Nd2-f1-e3 (rather than Nd2-b3, to which Black's knight will retreat to c6).})
14... exd4 15. Qc2 Nc6 16. Ng3 dxc3 17. Bxc3 Qd8 $2 {Why going back?!} (17...
Ne5 $1 18. Bf1 (18. f3 Qc6 $5) 18... Qg4 19. f3 Qg6 {[%cal Yf6h5] , and White
has no compensation whatsoever.} 20. f4 $2 Ned7 {just loses the e4-pawn.}) 18.
f4 $44 {Now White has a mobile pawn centre and prospects of a strong attack.}
Nd7 (18... g6 {(preventing Ng3-f5 but weakening dark squares) could hardly
solve Black's problems.}) 19. Rad1 (19. Nf5 f6 20. Re3 $40 {[%cal Ye3g3] was
probably even stronger.}) 19... Ne7 $6 (19... Kh8 $142 20. Nf5 f6) ({or, after
all,} 19... g6) 20. Nh5 $1 g6 (20... f6 21. e5 $1 fxe5 22. Bxh7+ Kh8 23. fxe5
$18) 21. Nf6+ Nxf6 22. Bxf6 {Black has been forced to weaken dark squares in
the worst possible version, getting a "nail" on f6.} Qd7 23. f5 {[%mdl 128]
Starting a decisive assault.} (23. Ba1 Rf8 24. Qb2 f6 25. e5 $1 {was very
strong, too.}) 23... h6 24. Rf1 Qc6 25. Bd4 {This move is rather unnecessary
but it doesn't spoil anything.} g5 26. h4 $1 Kf8 (26... gxh4 27. Qd2 Kh7 28.
Rf4 $18) (26... g4 27. h5 {[%cal Yf1f4]}) 27. hxg5 hxg5 28. Qd2 f6 29. Bxf6
Qc5+ 30. Rf2 Kf7 31. Bxg5 Rg8 32. Be2 Nc6 33. Bh5+ Kf8 34. Bf6 1-0

[Event "Olympiad-42"]
[Site "Baku"]
[Date "2016.09.03"]
[Round "2.1"]
[White "Carlsen, Magnus"]
[Black "Hossain, Enamul"]
[Result "1-0"]
[WhiteElo "2857"]
[BlackElo "2431"]
[Annotator "Krasenkow,M"]
[PlyCount "65"]
[EventDate "2016.09.02"]
[EventType "team-swiss"]
[EventRounds "11"]
[EventCountry "AZE"]
[SourceTitle "CBM 175"]
[Source "ChessBase"]
[SourceDate "2016.11.10"]
[SourceVersion "1"]
[SourceVersionDate "2016.11.10"]
[SourceQuality "1"]
[WhiteTeam "Norway"]
[BlackTeam "Bangladesh"]
[WhiteTeamCountry "NOR"]
[BlackTeamCountry "BAN"]

1. e3 Nf6 2. Nf3 e6 3. c4 b6 4. Nc3 Bb7 5. d4 Bb4 {A very original move order
- and finally a normal position of the Nimzo-Indian Defense.} 6. Bd3 Ne4 7. O-O
Bxc3 8. bxc3 O-O 9. Ne1 {Typical: White ousts Black's knight from the centre
but it takes some time; besides, White's knight has no good prospects.} c5 $6 {
This is not active enough. White creates a strong and solid pawn centre.} (9...
f5 {is the main theoretical line seen in hundreds of games. Here is one of
them, played at the highest level:} 10. f3 Ng5 11. Qe2 Qf6 12. Nc2 d6 13. a4
Nc6 14. Ba3 Qg6 15. f4 Ne4 16. Bxe4 fxe4 17. c5 Rfd8 18. cxd6 cxd6 19. d5 exd5
20. Nd4 Nxd4 21. cxd4 a5 $13 {1/2 (39) Gelfand,B (2741)-Vallejo Pons,F (2703)
Leon 2010}) (9... d5 {leads to the Botvinnik pawn structure, which is rather
favorable for White, e.g.} 10. cxd5 exd5 11. f3 Nf6 12. Rb1 Re8 13. Rb2 Qd7 14.
g4 g6 15. Ng2 c5 16. Nf4 Qd6 17. Qe1 cxd4 18. cxd4 Nc6 19. Qh4 Na5 20. Rg2 Rac8
21. Qh6 Qf8 22. Qxf8+ Rxf8 23. g5 $36 {1-0 (58) Gligoric,S (2565)-Sanz Alonso,
F (2330) Montilla 1978}) ({Other options:} 9... Qh4 10. f3 Ng5 11. e4 f5 12.
exf5 exf5 13. Nc2 f4 14. d5 Na6 15. Nd4 Nc5 16. Bc2 Ba6 17. Nf5 $16 {1-0 (48)
Gligoric,S-Rodriguez,J Havana 1969}) (9... d6 10. f3 Nf6 11. e4 Nbd7 12. Nc2 c5
13. Bg5 Re8 14. Ne3 Qc7 15. Re1 h6 16. Bh4 Nh5 17. Bf1 Nf8 18. Ng4 f5 19. exf5
exf5 20. Ne3 Qf7 21. Qc2 g6 22. Nd5 $36 {1-0 (41) Malaniuk,V (2513)-Saulin,D 
(2396) Tula 2004}) 10. f3 Nf6 (10... Nd6 $2 11. dxc5 bxc5 12. Bxh7+ Kxh7 13.
Qxd6 Na6 14. Rb1 Bc6 15. Nd3 Qa5 16. Ne5 $16 {1-0 (61) Lin,W-Huang,R China 1987
}) 11. e4 Ne8 {Just a loss of time.} ({It was not easy to create counterplay
but maybe something like this deserved attention:} 11... d6 12. d5 Re8 13. Nc2
Nbd7 14. Ne3 Ne5 15. Be2 Ng6 16. g3 h5 $5) 12. d5 $14 d6 13. Nc2 Nd7 14. Ne3
Nef6 (14... Ne5 15. Be2 {, and White will push f3-f4 sooner or later.}) 15. a4
a5 {Black doesn't want to allow a4-a5 but his b6-pawn may now become weak.} 16.
Ra2 Qc7 $6 {It was the last moment to bring the knight to g6 slowing down
White's attack:} (16... Ne5 17. Be2 Ng6) 17. f4 {[%mdl 128] Using his space
advantage, White starts a kingside attack.} exd5 18. exd5 Rfe8 19. g4 $1 Nf8
20. g5 N6d7 21. h4 Rad8 22. h5 Bc8 23. Ng4 Re7 24. Rg2 Kh8 25. Qf3 Rde8 26. Qg3
{[%cal Rf4f5]} Rd8 (26... g6 27. Qh4 {[%cal Yg2h2,Yf4f5]}) 27. Bd2 Rde8 28. f5
Ne5 29. Nxe5 Rxe5 30. Bf4 Nd7 31. f6 $1 {Of course, White ignores the e5-rook
so far.} g6 32. hxg6 fxg6 33. Bxg6 $1 {One of the typical Carlsen games, in
which is it difficult to find out where his opponent made a decisive mistake.
Was it really 9...c5 ??!} (33. Bxg6 hxg6 34. Qh4+ Kg8 35. Rh2 $18) 1-0